| 000 | 004550000a22001690004500 | ||
|---|---|---|---|
| 003 | MACL | ||
| 005 | 20151229154143.0 | ||
| 008 | 151229b xxu||||| |||| 00| 0 eng d | ||
| 040 |
_aMACL _cMACL |
||
| 041 | _aEnglish | ||
| 082 | _a294.3/DAV | ||
| 100 |
_aDavids, Mrs Rhys _923749 |
||
| 245 |
_aPsalms of The Early Buddhists _b1 Psalme of The Sisters |
||
| 260 |
_bOxford University Press _c1948 |
||
| 650 |
_aReligion _924115 |
||
| 942 |
_cBK _k294.3/DAV _2ddc |
||
| 999 |
_c34872 _d34872 |
||